00754nam a2200181 a 4500001001000000005001700010008004100027020001500068050002500083100002400108245009400132260014600226300002400372440003700396500008500433504003100518651002300549BRCA_229120190320203739.0810316s1987 mx-a---###---#000-0#spa-# a9688160679 4aF1386b.D57 14c19871 aFernández, Martha10aLa Ciudad de México (De ´Gran Tenochtitlan´ a ´Mancha Urbana´)cMartha Fernández. aMéxicobDepartamento del Distrito Federal : Secretaría General de Desarrollo Social : Comité Interno de Ediciones Gubernamentalesc1987 a142 p.bil.c21 cm. 0aColección Distrito Federalv14 aIncluye índice de artistas, índice de obras de arte y lista de ilustraciones aBibliografía: p. 113-120 4aMéxicoxHistoria